Pays membre de l’union africaine - Statistiques

Statistiques générales
  • Ce quiz a été pris 45 fois
    30 depuis la dernière actualisation
  • Le résultat moyen est 44 sur 55
Statistiques - réponses
Hint Réponse % Correct
1963-1984 / 2017- Maroc
96%
1963 Algérie
92%
1977 Djibouti
92%
1963 Égypte
92%
1963 Niger
92%
1963 République démocratique du Congo
92%
1963 République du Congo
92%
1994 Afrique du sud
88%
1963 Bénin
88%
1963 Guinée
88%
1963 Madagascar
88%
1963 Nigeria
88%
1963 Somalie
88%
1963 Tchad
88%
1963 Togo
88%
1975 Cap Vert
85%
1975 Comores
85%
1968 Guinée équatoriale
85%
1963 Soudan
85%
2011 Soudan du Sud
85%
1963 Tunisie
85%
1979 Angola
81%
1966 Lesotho
81%
1963 Libye
81%
1964 Malawi
81%
1963 Mali
81%
1963 Mauritanie
81%
1963 République centrafricaine
81%
1963 Rwanda
81%
1963 Sénégal
81%
1976 Seychelles
81%
1964 Zambie
81%
1980 Zimbabwe
81%
1963 Burundi
77%
1993 Érythrée
77%
1963 Éthiopie
77%
1963 Ghana
77%
1973 Guinée-Bissau
77%
1963 Kenya
77%
1963 Liberia
77%
1968 Maurice
77%
1975 Mozambique
77%
1963 Ouganda
77%
1964 Tanzanie
77%
1968 Eswatini
73%
1965 Gambie
73%
1963 Sierra Leone
73%
1966 Botswana
69%
1963 Burkina Faso
69%
1963 Cameroun
69%
1963 Côte d’Ivoire
69%
1998 Gabon
69%
1975 Sao Tomé-et-Principe
65%
1990 Namibie
62%
1982 République arabes sahraouie démocratique
4%
Aucun quiz correspondant
Distribution des résultats
% des personnes avec chaque résultat
Percentile par nombre de réponses
Votre historique - résultats
Vous n’avez pas pris ce quiz depuis la dernière actualisation